000 00588nam a2200217Ia 4500
003 OSt
005 20220928141749.0
006 a|||||r|||| 00| 0
007 ta
008 220927b |||||||| |||| 00| 0 eng d
024 _a17516
037 _cTextual
040 _aSDCL
_cSDCL
_beng
041 _2eng
_aeng
082 _aV!:51'N39, M1
100 _aGates Eleanor M
_9502105
245 0 _aEnd of the affair
_bThe collapse of the Anglo-French alliance,1939-40
260 _c1981
942 _hV!:51'N39, M1
_cTEXL
_2CC
999 _c819837
_d819837